| 000 | 00961nam a2200277 a 4500 | ||
|---|---|---|---|
| 001 | BRL_1236 | ||
| 005 | 20190320211112.0 | ||
| 008 | 031213s1973----nyuabo####---#000-0#eng-# | ||
| 041 | _aeng | ||
| 044 | _anyu | ||
| 050 | 4 |
_aF1219.3.D5 _b.V47 1973 |
|
| 100 | 1 |
_aVérut, Dominique D. _926221 |
|
| 245 | 1 | 0 |
_aPrecolombian dermatology & cosmetology in Mexico _cDominique Vérut ; translated from the Spanish by Barbara Andrade. |
| 260 |
_aNew York _bSchering Corporation _c1973 |
||
| 300 |
_a[99] páginas _bil. a color, mapas _c29 cm. |
||
| 500 | _aAu1432 | ||
| 504 | _aBibliografía p. [98-99] | ||
| 650 | 1 | 4 |
_aIndígenas de México _xenfermedades _926222 |
| 650 | 1 | 4 |
_aIndígenas de México _xIndumentaria _92447 |
| 650 | 1 | 4 |
_aIndígenas de México _xAntigüedades _9509 |
| 650 | 1 | 4 |
_aCosméticos _xHistoria _zMéxico _926223 |
| 650 | 1 | 4 |
_aDermatología _xHistoria _zMéxico _926224 |
| 700 | 1 |
_aAndrade, Barbara _etr. _926225 |
|
| 902 | _aGRL | ||
| 942 |
_2lcc _cB |
||
| 999 |
_c10048 _d10048 |
||